Historia de la contrarevolución de Inglaterra bajo Carlos II y Jacobo II / (Record no. 40612)

MARC details
000 -LEADER
campo de control de longitud fija 00527nam a2200169 i 4500
001 - NÚMERO DE CONTROL
campo de control 40612
003 - IDENTIFICADOR DE NÚMERO DE CONTROL
campo de control ES-MaACL
005 - FECHA Y HORA DE LA ÚLTIMA TRANSACCIÓN
campo de control 20230906160253.0
007 - CAMPO FIJO DE DESCRIPCIÓN FÍSICA--INFORMACIÓN GENERAL
campo de control de longitud fija t|
008 - DATOS DE LONGITUD FIJA--INFORMACIÓN GENERAL
campo de control de longitud fija 030306s1843 sp ||||1| spa d
100 1# - ENTRADA PRINCIPAL--NOMBRE DE PERSONA
Nombre de persona Carrel, Armand.
9 (RLIN) 35610
245 10 - MENCIÓN DEL TÍTULO
Título Historia de la contrarevolución de Inglaterra bajo Carlos II y Jacobo II /
Mención de responsabilidad, etc. por Armand Carrel.
260 ## - PUBLICACIÓN, DISTRIBUCIÓN, ETC.
Lugar de publicación, distribución, etc. [S.l. :
Nombre del editor, distribuidor, etc. s.n.,
Fecha de publicación, distribución, etc. 1843] (
Lugar de fabricación/manufactura Sevilla :
Fabricante Establecimiento Tipográfico)
300 ## - DESCRIPCIÓN FÍSICA
Extensión 300 p. ;
Dimensiones 18 cm.
852 ## - LOCALIZACIÓN
Ubicación ES-MaACL
Número de control de estantería G-9259
852 ## - LOCALIZACIÓN
Ubicación ES-MaACL
Número de control de estantería D-437
Holdings
Estatus retirado Estado de pérdida Estado de daño No para préstamo Colección Biblioteca de origen Biblioteca actual Ubicación en estantería Fecha de adquisición Fuente de adquisición Total de préstamos Signatura topográfica completa Código de barras Visto por última vez Precio de reemplazo Tipo de ítem Koha
        Libros del s. XIX Biblioteca del Ateneo de Madrid Biblioteca del Ateneo de Madrid Sala Valle Inclán 17/01/2008     D-437 901042756 23/02/2023 23/02/2023 Libro impreso antiguo
        Libros del s. XIX Biblioteca del Ateneo de Madrid Biblioteca del Ateneo de Madrid Sala Pecera Planta 3 17/01/2008     G-9259 1042755 23/02/2023 23/02/2023 Libro impreso antiguo